| 000 | 01332nam a22003857 4500 | ||
|---|---|---|---|
| 003 | CHAP | ||
| 005 | 20240527082805.0 | ||
| 008 | 110525s2007 it ab rn 00010 eng d | ||
| 010 | _a101304 | ||
| 011 | _a102276 | ||
| 020 | _a9789253055883 | ||
| 035 | _a112964 | ||
| 040 | _cCHAP | ||
| 082 | 0 | 4 |
_a639.2096 _bF3y v.33/2 |
| 110 | 2 | _aFAO | |
| 245 | 1 | 0 |
_aAfrican water resource database. GIS-based tools for inland aquatic resource management : _b2. Technical manual and workbook _c/por Jeff Jenness ...[et al.] |
| 260 |
_aRome : _bFAO, _c2007 |
||
| 300 |
_axx, 305 p. : _bilus., mapas, tablas _e+ 2 DVD |
||
| 490 | 0 |
_aCIFA. Documento técnico _v; 33/2 |
|
| 590 |
_aBATCH-UPD _b10 _c20130110 |
||
| 590 |
_aBATCH-UPD _b10 _c20130410 |
||
| 590 |
_aBATCH-UPD _b10 _c20130914 |
||
| 590 |
_aCONVERSION _b10 _c20130109 |
||
| 650 | 1 | 4 |
_aCapacitación. _918690 |
| 650 | 1 | 4 |
_aCuencas hidrológicas. _930092 |
| 650 | 1 | 4 |
_aOrdenación de aguas. _983422 |
| 650 | 1 | 4 |
_aRecursos hidráulicos _xAfrica. _995092 |
| 650 | 1 | 4 |
_aSatélites artificiales. _9102699 |
| 650 | 1 | 4 | _aSistemas de Información Geográfica. |
| 700 | 0 |
_aJenness, Jeff. _961337 |
|
| 830 | 0 | 0 |
_aCIFA. Documento técnico _v; 33/2 _923266 |
| 901 | _aBK | ||
| 942 |
_cLIBRO _2ddc |
||
| 949 |
_a639.2096 F3y v.33/2 _bBC _cFAO _d33724002074934 _eFAO1 _gDonaciØn _h115009 _i112964 _sb |
||
| 999 |
_c101304 _d101304 |
||